000 00218nam a2200097Ia 4500
008 170619s9999 xx 000 0 und d
100 _aAtkins P
245 0 _aPhysical Chemistry
260 _bOxford Uni. Press
260 _c2002
546 _aENGLISH
999 _c16410
_d16410